Proceedings of the Thirteenth lake Louise Winter Institute Quantum Chromodynamics (Record no. 531145)
[ view plain ]
| 000 -LEADER | |
|---|---|
| fixed length control field | 00415nam a2200133Ia 4500 |
| 008 - FIXED-LENGTH DATA ELEMENTS--GENERAL INFORMATION | |
| fixed length control field | 191014s9999 xx 000 0 und d |
| 020 ## - INTERNATIONAL STANDARD BOOK NUMBER | |
| International Standard Book Number | 981-02-3747-2 |
| 082 ## - DEWEY DECIMAL CLASSIFICATION NUMBER | |
| Classification number | 539.7548 |
| Author Mark | AST |
| 100 ## - MAIN ENTRY--PERSONAL NAME | |
| Personal name | A Astbury, B A Campbell, F C Khanna, J L Pinfold, M Vetterli |
| 9 (RLIN) | 20553 |
| 245 #0 - TITLE STATEMENT | |
| Title | Proceedings of the Thirteenth lake Louise Winter Institute Quantum Chromodynamics |
| 260 ## - PUBLICATION, DISTRIBUTION, ETC. | |
| Date of publication, distribution, etc. | 1999 |
| 300 ## - PHYSICAL DESCRIPTION | |
| Extent | X,503 |
| 942 ## - ADDED ENTRY ELEMENTS (KOHA) | |
| Koha item type | Book |
| Withdrawn status | Lost status | Damaged status | Not for loan | Permanent Location | Current Location | Date acquired | Source of acquisition | Cost, normal purchase price | Total Checkouts | Full call number | Barcode | Date last seen | Price effective from | Koha item type |
|---|---|---|---|---|---|---|---|---|---|---|---|---|---|---|
| School of Natural Sciences (SNS) | School of Natural Sciences (SNS) | 10/15/2019 | Donation | 0.00 | 539.7548AST | SNS0002922 | 10/15/2019 | 10/15/2019 | Book |
